000 00373nam a22001457a 4500
003 OSt
005 20220405152447.0
008 220405b |||||||| |||| 00| 0 eng d
020 _a139780131853553
040 _cHU
082 _a658.7.87
100 _aBhuptani
_935205
245 _aRfid Field Guide Deploying Radio Frequence Identification Systems
942 _2ddc
_cBOOKS
_n0
999 _c34380
_d34380